<?xml version="1.0" encoding="UTF-8"?>
<record
    xmlns:xsi="http://www.w3.org/2001/XMLSchema-instance"
    xsi:schemaLocation="http://www.loc.gov/MARC21/slim http://www.loc.gov/standards/marcxml/schema/MARC21slim.xsd"
    xmlns="http://www.loc.gov/MARC21/slim">

  <leader>01373nam0a22003371  4500</leader>
  <controlfield tag="001">RU\NLR\bibl\462099</controlfield>
  <controlfield tag="005">20250623184241.0</controlfield>
  <datafield tag="010" ind1=" " ind2=" ">
    <subfield code="a">5-699-03502-8</subfield>
    <subfield code="9">5000</subfield>
  </datafield>
  <datafield tag="021" ind1=" " ind2=" ">
    <subfield code="a">RU</subfield>
    <subfield code="b">2003-54787</subfield>
    <subfield code="9">2661</subfield>
  </datafield>
  <datafield tag="035" ind1=" " ind2=" ">
    <subfield code="a">(NLR Aleph) 000455533</subfield>
  </datafield>
  <datafield tag="090" ind1=" " ind2=" ">
    <subfield code="a">901078</subfield>
    <subfield code="c">901078</subfield>
  </datafield>
  <datafield tag="100" ind1=" " ind2=" ">
    <subfield code="a">20031119d2003    |||y0rusy50      ca</subfield>
  </datafield>
  <datafield tag="101" ind1="1" ind2=" ">
    <subfield code="a">rus</subfield>
  </datafield>
  <datafield tag="102" ind1=" " ind2=" ">
    <subfield code="a">RU</subfield>
  </datafield>
  <datafield tag="105" ind1=" " ind2=" ">
    <subfield code="a">a   |||||||||</subfield>
  </datafield>
  <datafield tag="200" ind1="1" ind2=" ">
    <subfield code="a">&#x41A;&#x43E;&#x434;&#x435;&#x43A;&#x441; &#x431;&#x443;&#x441;&#x438;&#x434;&#x43E;</subfield>
    <subfield code="e">&#x425;&#x430;&#x433;&#x430;&#x43A;&#x443;&#x440;&#x44D;.&#x421;&#x43E;&#x43A;&#x440;&#x44B;&#x442;&#x43E;&#x435; &#x432; &#x43B;&#x438;&#x441;&#x442;&#x432;&#x435;</subfield>
    <subfield code="e">[&#x421;&#x431;.</subfield>
    <subfield code="f">&#x41F;&#x435;&#x440;. &#x410;. &#x411;&#x43E;&#x447;&#x435;&#x43D;&#x43A;&#x43E;&#x432;&#x430;, &#x412;. &#x413;&#x43E;&#x440;&#x431;&#x430;&#x442;&#x44C;&#x43A;&#x43E;</subfield>
    <subfield code="g">&#x41F;&#x440;&#x435;&#x434;&#x438;&#x441;&#x43B;. &#x438; &#x433;&#x43B;&#x43E;&#x441;&#x441;&#x430;&#x440;&#x438;&#x439; &#x422;. &#x423;&#x43B;&#x438;&#x449;&#x435;&#x43D;&#x43A;&#x43E;]</subfield>
  </datafield>
  <datafield tag="210" ind1=" " ind2=" ">
    <subfield code="a">&#x41C;.</subfield>
    <subfield code="c">&#x42D;&#x43A;&#x441;&#x43C;&#x43E;</subfield>
    <subfield code="d">2003</subfield>
  </datafield>
  <datafield tag="215" ind1=" " ind2=" ">
    <subfield code="a">428, [3] &#x441;.</subfield>
    <subfield code="c">&#x438;&#x43B;.</subfield>
    <subfield code="d">17</subfield>
  </datafield>
  <datafield tag="225" ind1="1" ind2=" ">
    <subfield code="a">&#x421;&#x435;&#x440;&#x438;&#x44F; "&#x410;&#x43D;&#x442;&#x43E;&#x43B;&#x43E;&#x433;&#x438;&#x44F; &#x43C;&#x443;&#x434;&#x440;&#x43E;&#x441;&#x442;&#x438;"</subfield>
  </datafield>
  <datafield tag="327" ind1="1" ind2=" ">
    <subfield code="a">&#x421;&#x43E;&#x434;&#x435;&#x440;&#x436;.: &#x425;&#x430;&#x433;&#x430;&#x43A;&#x443;&#x440;&#x44D; (&#x421;&#x43E;&#x43A;&#x440;&#x44B;&#x442;&#x43E;&#x435; &#x432; &#x43B;&#x438;&#x441;&#x442;&#x432;&#x435;)/&#x42F;&#x43C;&#x430;&#x43C;&#x43E;&#x442;&#x43E; &#x426;&#x443;&#x43D;&#x44D;&#x442;&#x43E;&#x43C;&#x43E;. &#x41F;&#x438;&#x441;&#x430;&#x43D;&#x438;&#x44F; &#x44F;&#x43F;&#x43E;&#x43D;&#x441;&#x43A;&#x438;&#x445; &#x432;&#x43E;&#x438;&#x43D;&#x43E;&#x432;: &#x41F;&#x440;&#x430;&#x432;&#x438;&#x43B;&#x430; &#x438; &#x43F;&#x43E;&#x441;&#x43B;&#x430;&#x43D;&#x438;&#x44F;</subfield>
  </datafield>
  <datafield tag="517" ind1="0" ind2=" ">
    <subfield code="a">&#x421;&#x43E;&#x43A;&#x440;&#x44B;&#x442;&#x43E;&#x435; &#x432; &#x43B;&#x438;&#x441;&#x442;&#x432;&#x435;</subfield>
  </datafield>
  <datafield tag="606" ind1="0" ind2=" ">
    <subfield code="a">&#x412;&#x43E;&#x435;&#x43D;&#x43D;&#x430;&#x44F; &#x43D;&#x430;&#x443;&#x43A;&#x430;</subfield>
    <subfield code="j">&#x421;&#x431;&#x43E;&#x440;&#x43D;&#x438;&#x43A;&#x438;</subfield>
    <subfield code="y">&#x42F;&#x43F;&#x43E;&#x43D;&#x438;&#x44F;</subfield>
    <subfield code="9">2304879</subfield>
    <subfield code="3">RU\NLR\auth\661379750</subfield>
  </datafield>
  <datafield tag="686" ind1=" " ind2=" ">
    <subfield code="a">&#x426;1,8(5&#x42F;)&#x44F;43</subfield>
  </datafield>
  <datafield tag="702" ind1=" " ind2="1">
    <subfield code="a">&#x411;&#x43E;&#x447;&#x435;&#x43D;&#x43A;&#x43E;&#x432;</subfield>
    <subfield code="b">&#x410;.</subfield>
    <subfield code="g">&#x410;&#x43D;&#x434;&#x440;&#x435;&#x439;</subfield>
    <subfield code="4">730</subfield>
  </datafield>
  <datafield tag="801" ind1=" " ind2="0">
    <subfield code="a">RU</subfield>
    <subfield code="b">NLR</subfield>
    <subfield code="c">20031119</subfield>
    <subfield code="g">PSBO</subfield>
  </datafield>
  <datafield tag="801" ind1=" " ind2="1">
    <subfield code="a">RU</subfield>
    <subfield code="b">NLR</subfield>
    <subfield code="c">20031119</subfield>
  </datafield>
  <datafield tag="852" ind1=" " ind2=" ">
    <subfield code="a">NLR</subfield>
    <subfield code="b">&#x41E;&#x41B;&#x421;&#x410;&#x410;-&#x441;&#x43B;-&#x441;&#x43F;&#x440;</subfield>
    <subfield code="j">2-4548</subfield>
  </datafield>
  <datafield tag="942" ind1=" " ind2=" ">
    <subfield code="c">BOOK</subfield>
  </datafield>
  <datafield tag="980" ind1=" " ind2=" ">
    <subfield code="a">NB</subfield>
  </datafield>
  <datafield tag="980" ind1="1" ind2=" ">
    <subfield code="a">SL_SPR</subfield>
  </datafield>
  <datafield tag="995" ind1=" " ind2=" ">
    <subfield code="5">2003-11-19</subfield>
    <subfield code="a">ad</subfield>
    <subfield code="b">NLR01</subfield>
    <subfield code="c">NLR01</subfield>
    <subfield code="e">RF3</subfield>
    <subfield code="f">1-1404873</subfield>
    <subfield code="k">2003-2/4737</subfield>
    <subfield code="o">0</subfield>
    <subfield code="r">BOOK</subfield>
    <subfield code="s">200324737_</subfield>
  </datafield>
  <datafield tag="995" ind1=" " ind2=" ">
    <subfield code="5">2003-11-19</subfield>
    <subfield code="a">ad</subfield>
    <subfield code="b">NLR01</subfield>
    <subfield code="c">NLR01</subfield>
    <subfield code="e">RF3</subfield>
    <subfield code="f">590477</subfield>
    <subfield code="k">2003-2/4737</subfield>
    <subfield code="o">0</subfield>
    <subfield code="r">BOOK</subfield>
    <subfield code="s">200324737_</subfield>
  </datafield>
  <datafield tag="995" ind1=" " ind2=" ">
    <subfield code="5">2003-12-17</subfield>
    <subfield code="a">aa</subfield>
    <subfield code="b">NLR01</subfield>
    <subfield code="c">NLR01</subfield>
    <subfield code="e">OLS05</subfield>
    <subfield code="f">607532</subfield>
    <subfield code="o">0</subfield>
    <subfield code="p">70.67</subfield>
    <subfield code="r">BOOK</subfield>
  </datafield>
</record>
